000 00604nam a22002297a 4500
003 UA-OsUOA
001 41231
007 ta
008 20080721b un ||||| |||| 00| 0 ukr d
100 _aБілан Ів.
090 _a330
_bБ67
942 _cBR
040 _aUA-OsUOA
_bukr
_cUA-OsUOA
_dUA-OsUOA
245 _aУкраїнська концепція суспільного взаємозабезпечення
300 _a31 с.
955 _a4
041 _aukr
080 _a330
260 _aВінніпег
_c1958
650 7 _a330 Економіка взагалі
_2UDC
999 _c439733
_d439733